[Event "A-Klasse 2010 (A68)"]
[Site "Berlin-Weißensee"]
[Date "2010.05.16"]
[Round "7.2"]
[White "Keusch, Horst"]
[Black "Bornschein, Burkhard"]
[Result "1/2-1/2"]
[WhiteElo "1980"]
[BlackElo "2012"]
[PlyCount "93"]
[EventDate "2010.??.??"]

1. f4 d5 2. Nf3 g6 3. e3 Bg7 4. Be2 Nf6 5. O-O O-O 6. d4 Nbd7 7. c4 c6 8. Nc3
a5 9. b3 Nb8 10. Ba3 Na6 11. Ne5 Nb4 12. g4 Ne4 13. Nxe4 dxe4 14. Bxb4 axb4 15.
c5 Bxe5 16. fxe5 Be6 17. Qc2 Bd5 18. Bc4 Qd7 19. Rf4 Kg7 20. Bxd5 cxd5 21. Raf1
f6 22. Qf2 Qd8 23. Qd2 Qa5 24. R1f2 fxe5 25. dxe5 Qxc5 26. e6 Rac8 27. Rxf8
Rxf8 28. Rxf8 Kxf8 29. Kg2 Ke8 30. Qf2 Qd6 31. Qf7+ Kd8 32. h4 Kc7 33. g5 Kb6
34. Kf1 Qg3 35. Qxe7 {(=)} Qf3+ 36. Kg1 Qxe3+ 37. Kf1 Ka7 38. Qd7 Qd3+ 39. Kg1
Qd4+ 40. Kh1 Qd1+ 41. Kh2 Qe2+ 42. Kg1 Qg4+ 43. Kf1 Qh3+ 44. Ke2 Qd3+ 45. Ke1
Qe3+ 46. Kf1 Qf3+ 47. Kg1 1/2-1/2

[Event "A-Klasse 2010 (A68)"]
[Site "Berlin-Weißensee"]
[Date "2010.05.16"]
[Round "7.3"]
[White "Hiller, Bernd"]
[Black "Zschaebitz, Klaus"]
[Result "0-1"]
[WhiteElo "1848"]
[BlackElo "2081"]
[PlyCount "120"]
[EventDate "2010.??.??"]

1. e4 e6 2. f4 d5 3. e5 c5 4. Nf3 Ne7 5. Bb5+ Bd7 6. Bxd7+ Nxd7 7. d3 Nc6 8.
Nc3 b5 9. O-O Qb6 10. Ne2 Be7 11. Bd2 O-O 12. Ng3 c4+ 13. Kh1 f6 14. exf6 Bxf6
15. Rb1 cxd3 16. cxd3 b4 17. f5 Nde5 18. Nxe5 Bxe5 19. Bf4 Bxf4 20. Rxf4 g6 21.
f6 e5 22. Rf1 Nd4 23. Qd2 b3 24. axb3 Rxf6 25. Rxf6 Qxf6 26. Rf1 Qe7 27. Qa5
Rd8 28. b4 Nc6 29. Qc5 Qxc5 30. bxc5 Kg7 31. Ne2 d4 32. Ng3 Rb8 33. Rf2 Rb3 34.
Rd2 Kf7 35. Ne4 Ke7 36. Kg1 Nb4 37. Nf2 Ke6 38. Kf1 Kd5 39. Ke2 Na6 40. Ne4
Nxc5 41. Nxc5 Kxc5 42. Kd1 a5 43. Kc2 Rb6 44. Rf2 Kd5 45. Rf8 Rc6+ 46. Kd2 Ra6
47. Rb8 a4 48. Rb5+ Ke6 49. Rb8 a3 50. bxa3 Rxa3 51. Rb2 Kf5 52. Ke2 g5 53. Rd2
g4 54. Rb2 Kf4 55. g3+ Kf5 56. Rd2 Ra1 57. Kf2 Rh1 58. Kg2 Re1 59. Rf2+ Ke6 60.
Rd2 e4 0-1

[Event "A-Klasse 2010 (A68)"]
[Site "Berlin-Weißensee"]
[Date "2010.05.16"]
[Round "7.4"]
[White "Welz, Peter"]
[Black "Noetzel, Felix"]
[Result "0-1"]
[WhiteElo "2151"]
[BlackElo "1968"]
[PlyCount "102"]
[EventDate "2010.??.??"]

1. e4 d5 2. exd5 Qxd5 3. Nc3 Qa5 4. d4 c6 5. Bd2 Bf5 6. Bc4 e6 7. d5 cxd5 8.
Nxd5 Qd8 (8... Qc5 9. Bb5+ Nd7 10. Bxd7+ Kxd7 11. Ne3 Kc7 12. Nxf5 Qxf5) 9. Ne3
Bg6 10. Qf3 Nc6 11. O-O-O Nf6 12. Bc3 Qe7 13. Nh3 Ne4 14. Be1 Qf6 15. Qxf6 gxf6
16. f3 Bh6 17. f4 Ke7 18. Ng4 Bg7 19. Nhf2 f5 20. Nxe4 fxe4 21. Bh4+ f6 22. Ne5
Rad8 23. Rde1 Rd4 24. Nxc6+ bxc6 25. Bb3 Rhd8 26. g4 Rd2 27. Bg3 f5 28. Bh4+
Bf6 29. Bxf6+ Kxf6 30. h3 Rf2 31. g5+ Ke7 32. Ba4 Be8 33. h4 Rdd2 (33... Rxf4)
34. h5 (34. Bb3 c5) 34... c5 35. g6 hxg6 (35... Bxa4 36. gxh7 Rxc2+ 37. Kb1
Rxb2+ 38. Ka1 Rxa2+ 39. Kb1 Rfb2+ 40. Kc1 Rb8 41. h8=Q Rc2+ 42. Kd1 Rb1#) 36.
Bxe8 Rxc2+ 37. Kb1 Rxb2+ 38. Ka1 Rxa2+ 39. Kb1 Kxe8 40. h6 Rfb2+ 41. Kc1 Rh2
42. Kb1 Rae2 43. Rd1 Rd2 44. Rdg1 Kf7 45. Kc1 Rxh1 46. Rxh1 Rd8 47. Kc2 Kf6 48.
Kc3 e5 49. fxe5+ Kxe5 50. Kc4 f4 51. Kxc5 Rc8+ 0-1